L'encéphale (Record no. 68640)
[ view plain ]
| 000 -LEADER | |
|---|---|
| campo de control de longitud fija | 00832nam a2200205 i 4500 |
| 001 - NÚMERO DE CONTROL | |
| campo de control | 68640 |
| 003 - IDENTIFICADOR DE NÚMERO DE CONTROL | |
| campo de control | ES-MaACL |
| 005 - FECHA Y HORA DE LA ÚLTIMA TRANSACCIÓN | |
| campo de control | 20260304173643.0 |
| 007 - CAMPO FIJO DE DESCRIPCIÓN FÍSICA--INFORMACIÓN GENERAL | |
| campo de control de longitud fija | t| |
| 008 - DATOS DE LONGITUD FIJA--INFORMACIÓN GENERAL | |
| campo de control de longitud fija | 960813s1886 fr a ||||1| fre d |
| 040 ## - FUENTE DE CATALOGACIÓN | |
| Centro catalogador/agencia de origen | CAM |
| Lengua de catalogación | spa |
| Centro/agencia transcriptor | CAM |
| 100 1# - ENTRADA PRINCIPAL--NOMBRE DE PERSONA | |
| Nombre de persona | Gavoy, Émile-Alexandre, |
| Fechas asociadas al nombre | 1836-.... |
| 9 (RLIN) | 56092 |
| 245 12 - MENCIÓN DEL TÍTULO | |
| Título | L'encéphale |
| Resto del título | : structure et description iconographique du cerveau, du cervelet et du bulbe : avec atlas de 59 planches en glyptographie / |
| Mención de responsabilidad, etc. | par E. Gavoy ; préface de M. le Professeur Vulpian. |
| 260 ## - PUBLICACIÓN, DISTRIBUCIÓN, ETC. | |
| Lugar de publicación, distribución, etc. | Paris : |
| Nombre del editor, distribuidor, etc. | Librairie J. B. Baillière et fils, |
| Fecha de publicación, distribución, etc. | 1886 ( |
| Lugar de fabricación/manufactura | Corbeil : |
| Fabricante | typ. et stér. Crété) |
| 300 ## - DESCRIPCIÓN FÍSICA | |
| Extensión | 1 vol. (162 p.) : |
| Otras características físicas | il. ; |
| Dimensiones | 33 cm + |
| Material acompañante/anejo | 1 atlas (60 p.) |
| 650 #4 - PUNTO DE ACCESO ADICIONAL DE MATERIA--TÉRMINO DE MATERIA | |
| Término de materia o nombre geográfico como elemento de entrada | Cerebro. |
| 9 (RLIN) | 10903 |
| 700 1# - ENTRADA AGREGADA--NOMBRE PERSONAL | |
| Nombre de persona | Vulpian, Alfred, |
| Fechas asociadas al nombre | 1826-1887 |
| 9 (RLIN) | 152582 |
| 852 ## - LOCALIZACIÓN | |
| Ubicación | ES-MaACL |
| Número de control de estantería | B-12023-24 |
| Estatus retirado | Estado de pérdida | Estado de daño | No para préstamo | Colección | Biblioteca de origen | Biblioteca actual | Ubicación en estantería | Fecha de adquisición | Fuente de adquisición | Total de préstamos | Signatura topográfica completa | Código de barras | Visto por última vez | Precio de reemplazo | Tipo de ítem Koha |
|---|---|---|---|---|---|---|---|---|---|---|---|---|---|---|---|
| Libros del s. XIX | Biblioteca del Ateneo de Madrid | Biblioteca del Ateneo de Madrid | Sala Pardo Bazán | 17/01/2008 | B-12023-24 | 1071861 | 23/02/2023 | 23/02/2023 | Libro impreso antiguo |
